[Event "Wch Seniors 65 31st"]
[Site "Terassini"]
[Date "2023.10.25"]
[Round "1"]
[White "Jansa, Vlastimil"]
[Black "Toro, Guillermo"]
[Result "1-0"]
[WhiteElo "2358"]
[BlackElo "2008"]
[PlyCount "25"]
[EventDate "2023.10.25"]
[EventType "swiss"]
[EventRounds "11"]
[EventCountry "ITA"]
[SourceTitle "Mega2024 Update 01"]
[Source "Chessbase"]
[SourceDate "2023.11.12"]
[SourceVersion "1"]
[SourceVersionDate "2023.11.12"]
[SourceQuality "1"]

1. e4 c5 2. Nf3 Nc6 3. Bb5 g6 4. 0-0 Bg7 5. c3 e5 6. d4 cxd4 7. cxd4 Nxd4 8. Nxd4 exd4 9. Bf4 Qb6 10. Na3 Ne7 11. Nc4 Qc5 12. Nd6+ Kf8 13. Qb3 1-0

[Event "CZE-chT1W 2223"]
[Site "Czech Republic"]
[Date "2023.04.02"]
[Round "11.5"]
[White "Jansa, Vlastimil"]
[Black "Simek, Petr1111"]
[Result "1/2-1/2"]
[WhiteElo "2394"]
[BlackElo "2323"]
[PlyCount "82"]
[EventDate "2022.10.09"]
[EventType "team-tourn"]
[EventRounds "11"]
[EventCountry "CZE"]
[SourceTitle "EXT 2024"]
[Source "ChessBase"]
[SourceDate "2023.10.10"]
[SourceVersion "1"]
[SourceVersionDate "2023.10.10"]
[SourceQuality "1"]
[WhiteTeam "Lysa nad Labem II"]
[BlackTeam "Unichess Sousek"]
[WhiteTeamCountry "CZE"]
[BlackTeamCountry "CZE"]

1. e4 e5 2. Nf3 Nc6 3. Bb5 Nf6 4. 0-0 Nxe4 5. Re1 Nd6 6. Nxe5 Be7 7. Bf1 Nxe5 8. Rxe5 0-0 9. Nc3 Ne8 10. Nd5 Bd6 11. Re1 c6 12. Ne3 Be7 13. d4 d5 14. Bd3 Nd6 15. b3 Re8 16. c4 Be6 17. Bb2 Bg5 18. Qc2 g6 19. Re2 Qd7 20. Rae1 Bxe3 21. Rxe3 Bf5 22. Kf1 Bxd3+ 23. Qxd3 Rxe3 24. Rxe3 Re8 25. cxd5 cxd5 26. Re5 f6 27. Rxe8+ Qxe8 28. Qe2 Qxe2+ 29. Kxe2 Nf5 30. g4 Ne7 31. Kd3 Kf7 32. Bc1 Ke6 33. f3 Nc6 34. Bd2 a6 35. Kc3 Kd6 36. Kd3 Ke6 37. Kc3 Kd7 38. Kd3 Kd6 39. Bf4+ Ke6 40. Bd2 Kd6 41. Bf4+ Ke6 1/2-1/2

[Event "Wch Seniors 65 30th"]
[Site "Assisi"]
[Date "2022.11.18"]
[Round "4"]
[White "Koehler, Gerhard"]
[Black "Jansa, Vlastimil"]
[Result "0-1"]
[WhiteElo "2198"]
[BlackElo "2390"]
[PlyCount "90"]
[EventDate "2022.11.15"]
[EventType "swiss"]
[EventRounds "11"]
[EventCountry "ITA"]
[SourceTitle "CBM 211 Extra"]
[Source "ChessBase"]
[SourceDate "2023.01.31"]
[SourceVersion "1"]
[SourceVersionDate "2023.01.31"]
[SourceQuality "1"]

1. c4 g6 2. Nc3 c5 3. g3 Bg7 4. Bg2 Nc6 5. a3 a5 6. Nf3 e5 7. d3 Nge7 8. Nd2 d6 9. Nf1 h5 10. h4 0-0 11. Ne3 Rb8 12. Rb1 Be6 13. Ned5 Qd7 14. Bg5 f6 15. Bd2 Kh7 16. Qa4 Rfd8 17. Nxe7 Qxe7 18. Nd5 Qf7 19. Nb6 f5 20. 0-0 f4 21. Qd1 Rf8 22. b4 axb4 23. axb4 Nd4 24. Nd5 Bg4 25. f3 Be6 26. Nc3 Bh6 27. gxf4 exf4 28. Ne4 Qe7 29. bxc5 dxc5 30. Qe1 b6 31. Qf2 Bf5 32. Bc3 Bg7 33. Rfc1 Bxe4 34. dxe4 Bf6 35. Be1 Nc6 36. Kh2 Bd4 37. Qf1 Ne5 38. Bf2 Rfd8 39. Rc2 Qf7 40. Rbc1 Ra8 41. Bh3 Ra4 42. Qd1 Nxc4 43. Bxd4 Rxd4 44. Qg1 Qf6 45. Qf2 Ne3 0-1

[Event "Mittelfrank Regionalliga Nord-Ost 2223"]
[Site "Mittelfranken"]
[Date "2022.10.23"]
[Round "2.1"]
[White "Haba, Zdenek"]
[Black "Jansa, Vlastimil"]
[Result "0-1"]
[WhiteElo "2218"]
[BlackElo "2357"]
[PlyCount "94"]
[EventDate "2022.10.09"]
[EventType "team-tourn"]
[EventRounds "9"]
[EventCountry "GER"]
[SourceTitle "EXT 2024"]
[Source "ChessBase"]
[SourceDate "2023.10.10"]
[SourceVersion "1"]
[SourceVersionDate "2023.10.10"]
[SourceQuality "1"]
[WhiteTeam "Windischeschenbach"]
[BlackTeam "Forchheim SC"]
[WhiteTeamCountry "GER"]
[BlackTeamCountry "GER"]

1. d4 d6 2. c4 e5 3. d5 f5 4. e4 Nf6 5. Nc3 Nxe4 6. Nxe4 fxe4 7. Ne2 Nd7 8. Ng3 Qh4 9. Qh5+ Qxh5 10. Nxh5 Nf6 11. Ng3 Be7 12. Be3 0-0 13. h3 c6 14. 0-0-0 cxd5 15. cxd5 Bd7 16. Kb1 Bd8 17. Bc4 Bb6 18. Bxb6 axb6 19. Rhe1 h5 20. Rd2 h4 21. Nf1 Nh5 22. Ne3 Rf6 23. Rc2 Nf4 24. Rd1 Rc8 25. Rdd2 Rc5 26. b4 Rc8 27. Bf1 Rxc2 28. Kxc2 b5 29. a3 Rf8 30. Kd1 Ra8 31. Ra2 Kf7 32. Kd2 Ke7 33. Be2 g6 34. Bf1 Be8 35. Ra1 Bf7 36. Bxb5 Nxd5 37. Nxd5+ Bxd5 38. Ke3 Rc8 39. Ba4 Rc3+ 40. Ke2 Bc4+ 41. Kd2 Rd3+ 42. Ke1 e3 43. Bd1 exf2+ 44. Kxf2 Rd2+ 45. Ke3 Rxg2 46. Bf3 Rg3 47. Kf2 d5 0-1

[Event "CZE-chT 2122"]
[Site "Czech Republic"]
[Date "2021.11.07"]
[Round "4.1"]
[White "Jansa, Vlastimil"]
[Black "Babula, Vlastimil"]
[Result "1/2-1/2"]
[WhiteElo "2420"]
[BlackElo "2562"]
[PlyCount "46"]
[EventDate "2021.10.15"]
[EventType "team-tourn"]
[EventRounds "15"]
[EventCountry "CZE"]
[SourceTitle "EXT 2023"]
[Source "ChessBase"]
[SourceDate "2022.10.05"]
[SourceVersion "1"]
[SourceVersionDate "2022.10.05"]
[SourceQuality "1"]
[WhiteTeam "Lysa nad Labem"]
[BlackTeam "Novoborsky"]
[WhiteTeamCountry "CSR"]
[BlackTeamCountry "CZE"]

1. e4 c5 2. Nf3 e6 3. Nc3 a6 4. d4 cxd4 5. Nxd4 b5 6. Bd3 Qb6 7. Nb3 Qc7 8. 0-0 Nf6 9. Qe2 Nc6 10. f4 d6 11. Bd2 Be7 12. Kh1 0-0 13. a4 b4 14. Nd1 Bb7 15. Rc1 Nd7 16. c3 Nc5 17. Nxc5 dxc5 18. Ne3 Rfd8 19. Nc4 bxc3 20. Bxc3 a5 21. Na3 Qb6 22. Nc4 Qc7 23. Na3 Qb6 1/2-1/2

[Event "CZE-chT1W 2122"]
[Site "Czech Republic"]
[Date "2021.10.10"]
[Round "1.2"]
[White "Sahidi, Samir"]
[Black "Jansa, Vlastimil"]
[Result "1/2-1/2"]
[WhiteElo "2436"]
[BlackElo "2420"]
[PlyCount "98"]
[EventDate "2021.10.10"]
[EventType "team-tourn"]
[EventRounds "11"]
[EventCountry "CZE"]
[SourceTitle "EXT 2023"]
[Source "ChessBase"]
[SourceDate "2022.10.05"]
[SourceVersion "1"]
[SourceVersionDate "2022.10.05"]
[SourceQuality "1"]
[WhiteTeam "Praha DP EA Hotels"]
[BlackTeam "Lysa nad Labem III"]
[WhiteTeamCountry "CZE"]
[BlackTeamCountry "CZE"]

1. d4 Nf6 2. c4 g6 3. g3 Bg7 4. Bg2 d5 5. cxd5 Nxd5 6. Nf3 Nb6 7. Nc3 Nc6 8. e3 0-0 9. 0-0 Re8 10. d5 Na5 11. Nd4 Bd7 12. a4 Rc8 13. Nb3 Nbc4 14. Nc5 c6 15. Rb1 cxd5 16. Nxd7 Qxd7 17. Nxd5 Red8 18. b4 Nc6 19. Qe2 e6 20. Qxc4 exd5 21. Qb3 Ne5 22. Bb2 Qf5 23. Bxe5 Bxe5 24. Bxd5 Rc3 25. Qa2 Kg7 26. Rbd1 b6 27. Qe2 Rc2 28. Qf3 Qxf3 29. Bxf3 Rdd2 30. Rxd2 Rxd2 31. Rc1 Ra2 32. Bc6 Ra1 33. Rxa1 Bxa1 34. b5 f5 35. Kf1 Kf6 36. Ke2 Bc3 37. Kd3 Be1 38. f4 h5 39. e4 fxe4+ 40. Kxe4 g5 41. Bd7 h4 42. gxh4 gxf4 43. h5 Bd2 44. Bg4 f3 45. Bxf3 Kg5 46. Kd5 Kh6 47. Kc6 Be3 48. Kb7 Bd4 49. Kxa7 Be3 1/2-1/2

[Event "CZE-chT1W 1920"]
[Site "Czech Republic"]
[Date "2020.06.14"]
[Round "11.1"]
[White "Michalik, Peter"]
[Black "Jansa, Vlastimil"]
[Result "1-0"]
[WhiteElo "2578"]
[BlackElo "2452"]
[PlyCount "63"]
[EventDate "2019.10.20"]
[EventType "team-tourn"]
[EventRounds "11"]
[EventCountry "CZE"]
[SourceTitle "EXT 2021"]
[Source "ChessBase"]
[SourceDate "2020.10.23"]
[SourceVersion "1"]
[SourceVersionDate "2020.10.23"]
[SourceQuality "1"]
[WhiteTeam "Unichess"]
[BlackTeam "Lysa nad Labem III"]
[WhiteTeamCountry "CZE"]
[BlackTeamCountry "CZE"]

1. Nf3 d6 2. d4 Bg4 3. e3 Nd7 4. Be2 Ngf6 5. h3 Bh5 6. b3 e5 7. dxe5 dxe5 8. Bb2 Bb4+ 9. Nfd2 Bxe2 10. Qxe2 c6 11. a3 Be7 12. Nf3 Qc7 13. Nbd2 0-0 14. g4 Rfe8 15. g5 Nh5 16. 0-0-0 g6 17. Ne4 Bf8 18. Rd3 Nb6 19. Nh2 Bg7 20. Ng4 Rad8 21. Rhd1 Rxd3 22. Qxd3 Qe7 23. Qd6 Qxd6 24. Nxd6 Re7 25. Nc8 Re8 26. Nxb6 axb6 27. Rd7 e4 28. Bxg7 Kxg7 29. Nh6 Rf8 30. Rxb7 b5 31. a4 bxa4 32. bxa4 1-0

[Event "CZE-chT1W 1920"]
[Site "Czech Republic"]
[Date "2020.06.13"]
[Round "10.1"]
[White "Jansa, Vlastimil"]
[Black "Kraus, Tomas"]
[Result "1/2-1/2"]
[WhiteElo "2452"]
[BlackElo "2475"]
[PlyCount "66"]
[EventDate "2019.10.20"]
[EventType "team-tourn"]
[EventRounds "11"]
[EventCountry "CZE"]
[SourceTitle "EXT 2021"]
[Source "ChessBase"]
[SourceDate "2020.10.23"]
[SourceVersion "1"]
[SourceVersionDate "2020.10.23"]
[SourceQuality "1"]
[WhiteTeam "Lysa nad Labem III"]
[BlackTeam "Turnov Zikuda II"]
[WhiteTeamCountry "CZE"]
[BlackTeamCountry "CZE"]

1. e4 e6 2. d4 d5 3. Nd2 c5 4. Ngf3 Nc6 5. exd5 exd5 6. Bb5 Qe7+ 7. Be2 Nf6 8. 0-0 Qc7 9. Re1 cxd4 10. Nb3 Bb4 11. Bd2 Bxd2 12. Qxd2 0-0 13. Nfxd4 Bd7 14. Nxc6 bxc6 15. c4 dxc4 16. Bxc4 Rad8 17. Qc3 Rfe8 18. Rad1 Rxe1+ 19. Rxe1 Re8 20. Rxe8+ Bxe8 21. h3 h6 22. Nc5 Nd7 23. Nd3 Qd6 24. Qe1 Kf8 25. Qe3 Nb6 26. Bb3 Qe7 27. Qd4 Qd7 28. Qc5+ Qe7 29. Qa5 Qc7 30. a4 Qe7 31. Qc3 Qd6 32. Ne5 Nd5 33. Qd4 Qb4 1/2-1/2

[Event "WchT Seniors 65"]
[Site "Prague"]
[Date "2020.03.12"]
[Round "7.1"]
[White "Huss, Andreas"]
[Black "Jansa, Vlastimil"]
[Result "1/2-1/2"]
[WhiteElo "2253"]
[BlackElo "2439"]
[PlyCount "107"]
[EventDate "2020.03.06"]
[EventType "team-swiss"]
[EventRounds "7"]
[EventCountry "CZE"]
[SourceTitle "CBM 195 Extra"]
[Source "ChessBase"]
[SourceDate "2020.05.31"]
[SourceVersion "1"]
[SourceVersionDate "2020.05.31"]
[SourceQuality "1"]
[WhiteTeam "Switzerland 65"]
[BlackTeam "Czech Republic 65"]
[WhiteTeamCountry "SUI"]
[BlackTeamCountry "CZE"]

1. d4 Nf6 2. c4 g6 3. Nf3 Bg7 4. Nc3 d5 5. cxd5 Nxd5 6. e4 Nxc3 7. bxc3 c5 8. Rb1 0-0 9. Be2 b6 10. 0-0 Bb7 11. Qd3 e6 12. Bg5 Qc7 13. Qe3 Nd7 14. e5 Rae8 15. Bf4 Bd5 16. a4 Qb7 17. a5 Rc8 18. axb6 axb6 19. Bb5 Nb8 20. Be2 Rfd8 21. Rb2 cxd4 22. cxd4 Rc7 23. Rfb1 Nd7 24. Bb5 Rb8 25. h4 Be4 26. Re1 Bxf3 27. gxf3 Bf8 28. Reb1 h5 29. Kg2 Be7 30. Bg3 Qa7 31. d5 Bc5 32. Qd2 exd5 33. e6 fxe6 34. Qg5 Nf8 35. Bd3 Rbb7 36. Be5 Rg7 37. Re2 Be7 38. Qc1 Qa8 39. Bxg7 Kxg7 40. Qc6 Qb8 41. Reb2 Bd8 42. Re2 Rf7 43. Qc3+ Bf6 44. Qb4 Qd8 45. Qxb6 Bxh4 46. Qxd8 Bxd8 47. Ba6 Rc7 48. f4 Kf6 49. Rb8 Be7 50. Rc8 Rxc8 51. Bxc8 Bd6 52. Kf3 Kf5 53. Rd2 Kf6 54. Re2 1/2-1/2

[Event "CZE-chT 1920"]
[Site "Czech Republic"]
[Date "2020.01.26"]
[Round "6.6"]
[White "Hollan, Martin"]
[Black "Jansa, Vlastimil"]
[Result "0-1"]
[WhiteElo "2403"]
[BlackElo "2452"]
[PlyCount "126"]
[EventDate "2019.10.12"]
[EventType "team-tourn"]
[EventRounds "11"]
[EventCountry "CZE"]
[SourceTitle "CBM 194 Extra"]
[Source "ChessBase"]
[SourceDate "2020.03.31"]
[SourceVersion "1"]
[SourceVersionDate "2020.03.31"]
[SourceQuality "1"]
[WhiteTeam "Kromeriz Slavia"]
[BlackTeam "Lysa nad Labem"]
[WhiteTeamCountry "CZE"]
[BlackTeamCountry "CZE"]

1. d4 Nf6 2. c4 g6 3. h4 Bg7 4. Nc3 c5 5. d5 d6 6. e4 0-0 7. Bg5 h6 8. Bf4 Re8 9. Qd2 h5 10. f3 e6 11. dxe6 Bxe6 12. Bxd6 Nc6 13. Bxc5 Qxd2+ 14. Kxd2 Rac8 15. Rd1 Ne5 16. Bxa7 Bxc4 17. Ke1 Red8 18. Bd4 Bxf1 19. Bxe5 Rxd1+ 20. Nxd1 Rc1 21. Kxf1 Rxd1+ 22. Ke2 Ra1 23. Bc3 Nd7 24. Kf2 Nc5 25. Bxg7 Kxg7 26. g3 Nd3+ 27. Ke3 Nxb2 28. g4 Nc4+ 29. Kf4 hxg4 30. Kxg4 b5 31. h5 gxh5+ 32. Kxh5 b4 33. Kg4 Rxa2 34. Nh3 b3 35. Nf4 b2 36. Nd3 Nd2 37. Nxb2 Rxb2 38. Rh2 Kf6 39. f4 Nc4 40. e5+ Ke6 41. Rh6+ Ke7 42. Rc6 Ne3+ 43. Kf3 Nf5 44. Rc7+ Ke8 45. Ra7 Rb4 46. Kg4 Nd4 47. Kh5 Kf8 48. Ra8+ Kg7 49. Ra7 Rb6 50. Kg4 Rg6+ 51. Kh4 Nf5+ 52. Kh5 Re6 53. Kg5 Ne3 54. Kh4 Kg6 55. Kg3 Rb6 56. Kf3 Nf5 57. Ra3 Nh6 58. Kg3 Kf5 59. Ra5 Rb3+ 60. Kg2 Kxf4 61. Ra6 Rb2+ 62. Kf1 Ng4 63. e6 Kf3 0-1

[Event "CZE-chT 1920"]
[Site "Czech Republic"]
[Date "2020.01.25"]
[Round "5.6"]
[White "Jansa, Vlastimil"]
[Black "Szotkowski, Jakub"]
[Result "1-0"]
[WhiteElo "2452"]
[BlackElo "2388"]
[PlyCount "109"]
[EventDate "2019.10.12"]
[EventType "team-tourn"]
[EventRounds "11"]
[EventCountry "CZE"]
[SourceTitle "CBM 194 Extra"]
[Source "ChessBase"]
[SourceDate "2020.03.31"]
[SourceVersion "1"]
[SourceVersionDate "2020.03.31"]
[SourceQuality "1"]
[WhiteTeam "Lysa nad Labem"]
[BlackTeam "Frydek Mistek"]
[WhiteTeamCountry "CZE"]
[BlackTeamCountry "CZE"]

1. e4 c6 2. d4 d5 3. Nd2 dxe4 4. Nxe4 Bf5 5. Ng3 Bg6 6. h4 h6 7. Nf3 Nd7 8. h5 Bh7 9. Bd3 Bxd3 10. Qxd3 e6 11. Bd2 Ngf6 12. 0-0-0 Be7 13. Kb1 Qb6 14. Rhe1 0-0 15. Nf5 exf5 16. Rxe7 Qd8 17. Re2 Ne4 18. Bc1 Re8 19. g4 fxg4 20. Rxe4 Rxe4 21. Qxe4 Nf6 22. Qf5 gxf3 23. c4 Qe7 24. Be3 Rd8 25. Qxf3 Qe4+ 26. Qxe4 Nxe4 27. Kc2 b6 28. Kd3 f5 29. f3 Nc5+ 30. Ke2 Ne6 31. d5 cxd5 32. cxd5 Nc7 33. d6 Ne8 34. Bf4 Nf6 35. Be5 Kf7 36. Rc1 Ne8 37. Ke3 Rd7 38. Rc6 Rd8 39. Kf4 Ke6 40. a4 Kd5 41. Rc1 Ke6 42. Re1 Kf7 43. Rd1 Nf6 44. Bxf6 Kxf6 45. d7 Ke6 46. b4 Kf6 47. b5 Ke6 48. Rd2 Ke7 49. Kxf5 Rf8+ 50. Kg6 Kd8 51. Rd3 Rf4 52. Kxg7 Rxa4 53. Kxh6 a5 54. bxa6 b5 55. Kg7 1-0